00768 a2200205 4500010001400000020002200014035001300036037001500049082001200064090001500076100001600091245006000107260005800167270005400225300003000279490007700309942002600386999001500412952013500427 aENG-88965 a8185141495c65.00 aEN-72498 bDBAD / Pub14a181.499 c9734d97341 aKazanas, N.10aThe dialogues of plato and the upanisadscby N. Kazanas aChennaibThe Adyar Library and Reseatrch Centrec2005 aThe Theosophical Society, AdyarbChennaie600 020 avii, 35 p.c22 cm ( pbk.) aThe Adyar Library pamphlet series/ edited by S. Sankaranarayanan; no.57 adplcENk181.499/ KAZ c9556d9556 00102ddc40718NFICaDBADbDBADeDBAD/PUBg65.00l0o181.499 KAZpEN-72498r2008-09-15 00:00:00t1u10542v65.00w2008-09-15yEN